World Cities: Homonymous US Cities - Statistics

General Stats
  • This quiz has been taken 93 times
  • The average score is 14 of 24
Answer Stats
Country US State City % Correct
Greece Georgia Athens
99%
United Kingdom Alabama Birmingham
84%
Egypt Virginia Alexandria
82%
United Kingdom New Hampshire Manchester
78%
Costa Rica California San Jose
75%
Germany Kentucky Frankfort
74%
United Kingdom Delaware Dover
70%
Jamaica New York Kingston
70%
Panama Florida Panama City
69%
Italy Florida Naples
68%
Russia Florida St. Petersburg
64%
Australia Florida Melbourne
61%
United Kingdom Nebraska Lincoln
58%
France Vermont Montpelier
57%
Ukraine Texas Odessa
56%
Argentina New Mexico Santa Fe
56%
Spain Ohio Toledo
55%
Italy South Carolina Florence
51%
United Kingdom Massachusetts Cambridge
42%
United Kingdom Massachusetts Worcester
34%
Italy New York Syracuse
32%
United Kingdom Pennsylvania York
31%
United Kingdom Pennsylvania Reading
17%
Germany Georgia Brunswick
4%
No matching quizzes found
Score Distribution
Percent of People with Each Score
Percentile by Number Answered
Your Score History
You have not taken this quiz